Oceanian Geography By Letter N - Picture Quiz - Statistics

General Stats
  • This quiz has been taken 186 times
  • The average score is 4 of 9
Answer Stats
Picture Hint Answer % Correct
(country) Nauru
96%
(state) New South Wales
90%
(island) New Guinea
78%
(territory) New Caledonia
38%
(territory) Northern Mariana Islands
36%
(city) Nukuʻalofa
33%
{Nullarbor} Plain
20%
(animal) Numbat
19%
(animal) Nene
13%
No matching quizzes found
Score Distribution
Percent of People with Each Score
Percentile by Number Answered
Your Score History
You have not taken this quiz